|
|
|
|
| LEADER |
01503nam a22003372a 4500 |
| 001 |
000338319 |
| 003 |
CZ BrMZK |
| 005 |
20081111095601.0 |
| 007 |
ta |
| 008 |
980107s1982 xr f cze d |
| 015 |
|
|
|a cnb000408482
|
| 035 |
|
|
|a (OCoLC)42150271
|
| 040 |
|
|
|a BOA001
|b cze
|
| 080 |
9 |
|
|a 531/534(076.5)
|
| 080 |
9 |
|
|a 539.19(076.5)
|
| 080 |
9 |
|
|a 378.4
|
| 245 |
0 |
0 |
|a Konzultační cvičení z mechaniky a molekulové fyziky /
|c Martin Černohorský ... [et al.]
|
| 250 |
|
|
|a 1. vyd.
|
| 260 |
|
|
|a Brno :
|b Univerzita J.E. Purkyně,
|c 1982
|
| 300 |
|
|
|a 81 s.
|
| 700 |
1 |
|
|a Černohorský, Martin,
|d 1923-2024
|7 jk01021455
|4 aut
|
| 910 |
|
|
|a BOA001
|b PK-N-0022.627
|b 4-0852.254
|
| 964 |
|
|
|a Mechanika - cvičení - příklady - učebnice - školy vysoké
|
| 964 |
|
|
|a Fyzika molekulární - cvičení - příklady - učebnice - školy vysoké
|
| 990 |
|
|
|a BK
|
| 996 |
7 |
|
|b 3119804645
|c PK-N-0022.627
|l MZK
|r Sklad / do 1 hodiny
|n 3
|w 000338319
|u 000010
|a 1
|e BOA001
|j MZK50
|s A
|
| 996 |
6 |
|
|b BC-617080
|c 4-0852.254
|l MZK
|r Sklad / do 1 hodiny
|n 0
|w 000338319
|u 000020
|a 1
|e BOA001
|j MZK50
|s P
|
| 996 |
6 |
|
|b BC-617081
|c 4-0852.254
|l MZK
|r Sklad / do 1 hodiny
|n 0
|w 000338319
|u 000030
|a 1
|e BOA001
|j MZK50
|s P
|
| 996 |
6 |
|
|b BC-617082
|c 4-0852.254
|l MZK
|r Sklad / do 1 hodiny
|n 0
|w 000338319
|u 000040
|a 1
|e BOA001
|j MZK50
|s P
|
| 996 |
6 |
|
|b BC-617083
|c 4-0852.254
|l MZK
|r Sklad / do 1 hodiny
|n 0
|w 000338319
|u 000050
|a 1
|e BOA001
|j MZK50
|s P
|
| 996 |
6 |
|
|b BC-617084
|c 4-0852.254
|l MZK
|r Sklad / do 1 hodiny
|n 0
|w 000338319
|u 000060
|a 1
|e BOA001
|j MZK50
|s P
|